Fundamentos de Derecho Administrativo
Saved in:
| Main Authors: | , , , |
|---|---|
| 格式: | 图书 |
| 语言: | 西班牙语 |
| 出版: |
Salamanca
Ratio Legis Ediciones
2014
|
| 版: | 3a. ed |
| 丛编: | Cuadernos de Derecho Administrativo, 1
|
| 主题: | |
| 标签: |
添加标签
没有标签, 成为第一个标记此记录!
|
MARC
| LEADER | 00000cam a2200000 a 4500 | ||
|---|---|---|---|
| 001 | UCE2615 | ||
| 003 | CL-VaPUC | ||
| 008 | 140717e20140000sp |||||||||||||||||spa|d | ||
| 020 | |a 9788494202827 | ||
| 082 | 0 | 4 | |a 342.46 |b FER |2 21 |
| 100 | 0 | |a Fernando Pablo, Marcos M |e author |9 575116 | |
| 700 | |a González Bustos, María Ángeles |e author |9 575117 | ||
| 700 | 0 | |a González Iglesias, Miguel A |e author |9 575118 | |
| 700 | 0 | |a Fernández de Gatta Sánchez, Dionisio |e author |9 575119 | |
| 245 | 1 | 0 | |a Fundamentos de Derecho Administrativo |
| 250 | |a 3a. ed | ||
| 300 | |a 284 p | ||
| 942 | |c BK | ||
| 945 | |d 20140717 11:12:00 |a dcastane | ||
| 260 | |a Salamanca |b Ratio Legis Ediciones |c 2014 | ||
| 650 | 7 | |a DERECHO ADMINISTRATIVO ESPAÑOL |2 CL-VaPUC |9 482261 | |
| 650 | 0 | |a Derecho europeo |9 391498 | |
| 583 | |a last modification |c 20140717 11:12:00 |k Rodrigo Vera | ||
| 490 | 0 | |a Cuadernos de Derecho Administrativo, 1 | |
| 999 | |c 356196 |d 356194 | ||
| 952 | |0 0 |1 0 |3 erb |4 0 |6 342_460000000000000_FER_2014 |7 0 |8 A |9 463375 |a BIBDER |b BIBDER |i 5089840 |o 342.46 FER 2014 |p 5089840 |r 2023-01-25 |w 2019-11-23 |y BK |z Catalogado en:20140717 |k DER | ||